000 00727nam a22001937a 4500
999 _c372216
_d372216
008 201127b ||||| |||| 00| 0 eng d
040 _aDE-2950
_bger
_cDE-2950
_erda
041 _ager
245 _aVorerst keine neuen Unterkünfte nötig
_bMigration. Wo Flüchtlinge in Frankfurt (Oder) untergebracht sind und ob es noch genügend Wohnungen und Kita-Plätze gibt/
_cpst
264 _c2023
653 _aFrankfurt (Oder)
653 _aFlüchtlinge
653 _aUnterkünfte
773 _dFrankfurt (Oder) Märkisches Verlags- und Druckhaus GmbH & Co KG
_tMärkische Oderzeitung
_g34. Jahrgang (2023) Nr. 37 vom 13.02.2023, S.13:
942 _cA